Statistiques concernant Les titres musicaux n°1 en France en 2019

Cliquez ici pour prendre le quiz!

Statistiques générales

  • Ce quiz a été pris 208 fois
    (195 depuis la dernière actualisation)
  • Le résultat moyen est 17 sur 30

Statistiques - réponses

TitreInterprète% Correct
Balance ton quoiAngèle
98%
Tout oublierAngèle & Roméo Elvis
98%
Mowgli IIPNL
85%
Au DDPNL
85%
Always remember us this wayLady Gaga
79%
ShallowLady Gaga & Bradley Cooper
79%
MédicamentNiska & Booba
79%
MéchantNiska, Ninho
76%
Ne reviens pasGradur & Heuss l'Enfoiré
74%
Blinding lightsThe Weeknd
72%
Hé ohGambi
69%
PopopopGambi
69%
KhaptaHeuss l'Enfoiré & Sofiane
67%
Old Town RoadLil Nas X & Billy Ray Cyrus
64%
Goutte d'eauNinho
61%
Sale MoodBramsito & Booba
60%
On fleekEva & Lartiste
58%
SeñoritaShawn Mendes & Camila Cabello
56%
PGPBooba
55%
Arc-en-cielBooba
55%
TricheurNekfeu & Damso
54%
Loco contigoDJ Snake, J. Balvin, Tyga
47%
Un peu de hainePLK
44%
Dance MonkeyTones and I
43%
I don't careEd Sheeran & Justin Bieber
36%
Ma belleMoha La Squale
21%
DésobéissanceMylène Farmer
11%
Des larmesMylène Farmer
11%
Karma girlsIndochine
7%
Music sounds better with youStardust
6%

Distribution des résultats

Percentile par nombre de réponses

% des personnes avec chaque résultat

Votre développement - résultats

Vous n’avez pas pris ce quiz depuis la dernière actualisation